Statistics for Two Countries Scrambled Together #2

Click here to take the quiz!

General Stats

  • This quiz has been taken 252 times
  • The average score is 17 of 24

Answer Stats

ScrambledCountry% Correct
uineakkaryneUkraine
97%
namsagadamaibicarMadagascar
93%
rbrilniezgaBrazil
86%
panlnifamaandFinland
81%
panlnifamaandPanama
79%
nemazdwnalaezbiaZambia
79%
nmradeegkramnyGermany
78%
atrusmalpycCyprus
75%
uineakkaryneKenya
75%
ccosyroromaiSyria
75%
mahtlianalidThailand
74%
nmradeegkramnyDenmark
72%
ccosyroromaiMorocco
72%
namsagadamaibicarNamibia
72%
surabelauhtilniaBelarus
71%
atrusmalpycMalta
71%
surabelauhtilniaLithuania
70%
mahtlianalidMali
69%
nemazdwnalaezbiaNew Zealand
69%
rbrilniezgaNiger
62%
lamialsiareyadnMalaysia
60%
nornacaerokhtadaNorth Korea
48%
nornacaerokhtadaCanada
44%
lamialsiareyadnIreland
33%

Score Distribution

Percentile by Number Answered

Percent of People with Each Score

Your Score History

You have not taken this quiz